000 05199cam a2200589 i 4500
999 _c12402
_d12402
003 OSt
005 20240116105947.0
008 200226t20202020mauab b 000 0 eng d
020 _a9781948765541
_q(paperback)
035 _a(OCoLC)on1144737717
082 0 4 _a712.2
_223
_bREE
245 0 0 _aProjective ecologies /
_c[edited by] Chris Reed, Nina-Marie Lister.
250 _aSecond edition.
300 _a382 pages :
_billustrations (chiefly color) ;
_c22 cm
500 _aPlace of publication from publisher's Web site.
504 _aIncludes bibliographical references.
505 0 _aForeword: promise to progress in the ecological medium / Jesse M. Keenan -- Foreword: ecologies, plural and projective / Charles Waldheim -- Introduction: ecological thinking, design practices / Chris Reed and Nina-Marie Lister -- Parallel genealogies / Chris Reed and Nina-Marie Lister -- Ecology and landscape as agents of creativity (reprint, 1997) / James Corner -- DYNAMICS (curated drawings + commentary) -- Designing ecologies / Christopher Hight -- Ecology and planning (reprint, 1971) / C.S. Holling and M.A. Goldberg -- Selections from Landscape ecology principles in landscape architecture and land-use planning (reprint, 1996) / Wenche E. Dramstad, James D. Olson, and Richard T.T. Forman -- SUCCESSION (curated drawings + commentary) -- Selections from Discordant Harmonies (reprint, 1990) / Daniel Botkin -- (Anthropogenic taxonomies) A taxonomy of the human biosphere / Erle C. Ellis -- Cultural landscapes and dynamic ecologies: lessons from New Orleans / Jane Wolff -- EMERGENCE (curated drawings + commentary) -- Do landscapes learn? Ecology's new paradigm and design in landscape architecture (reprint, 1999) / Robert E. Cook -- The flora of the future / Peter Del Tredici -- Flood control freakology: Los Angeles River Watershed (reprint, 2008) / David Fletcher -- RESILIENCE (curated drawings + commentary) -- Design thinking, wicked problems, messy plans / Frances Westley and Katharine McGowan -- The shape of energy / Sean Lally -- Combustible landscape / Sanford Kwinter -- ADAPTABILITY (curated drawings + commentary).
520 8 _aThe past two decades have witnessed a resurgence of ecological ideas and ecological thinking in discussions of urbanism, society, culture, and design. The field of ecology has moved from classical determinism and a reductionist Newtonian concern with stability, certainty, and order in favor of more contemporary understandings of dynamic systemic change and the related phenomena of adaptability, resilience, and flexibility. But ecology is not simply a project of the natural sciences. Researchers, theorists, social commentators, and designers have all used ecology as a broader idea or metaphor for a set of conditions and relationships with political, economic, and social implications. 'Projective Ecologies' takes stock of the diversity of contemporary ecological research and theory -- embracing Felix Guattari's broader definition of ecology as at once environmental, social, and existential -- and speculates on potential paths forward for design practices. Where are ecological thinking and theory now? What do current trajectories of research suggest for future practice? How can advances in ecological research and modeling, in social theory, and in digital visualization inform, with greater rigor, more robust design thinking and practice? How does all of this point to potential paths forward in an age of climate change and the need for adaptation and mitigation?--
650 0 _aLandscape design
_xEnvironmental aspects.
650 0 _aLand use, Urban
_xEnvironmental aspects.
650 0 _aArchitectural design
_xEnvironmental aspects.
650 0 _aEcology.
650 0 _aUrban ecology (Biology)
650 0 _aCity planning
_xEnvironmental aspects.
650 0 _aEcological landscape design.
650 0 _aUrban ecology (Sociology)
650 6 _aAménagement paysager
_xAspect de l'environnement.
650 6 _aUtilisation urbaine du sol
_xAspect de l'environnement.
650 6 _aDesign architectural
_xAspect de l'environnement.
650 6 _aÉcologie urbaine.
650 6 _aAménagement paysager écologique.
650 7 _aurban environments.
_2aat
650 7 _aArchitectural design
_xEnvironmental aspects
_2fast
650 7 _aCity planning
_xEnvironmental aspects
_2fast
650 7 _aEcological landscape design
_2fast
650 7 _aEcology
_2fast
650 7 _aLand use, Urban
_xEnvironmental aspects
_2fast
650 7 _aLandscape design
_xEnvironmental aspects
_2fast
650 7 _aUrban ecology (Biology)
_2fast
650 7 _aLandscape design
_xEnvironmental aspects.
_2nli
650 7 _aLand use, Urban
_xEnvironmental aspects.
_2nli
650 7 _aArchitectural design
_xEnvironmental aspects.
_2nli
650 7 _aEcology.
_2nli
650 7 _aUrban ecology (Biology)
_2nli
650 7 _aUrban ecology (Sociology)
_2nli
650 7 _aCity planning
_xEnvironmental aspects.
_2nli
650 7 _aEcological landscape design.
_2nli
650 7 _aSustainable development
_y21st century.
_2nli
700 1 _aReed, Chris,
_d1969-
_eeditor.
700 1 _aLister, Nina-Marie E.,
_eeditor.
942 _2ddc